Mark Cuban: How I Became a Billionaire (Record no. 333272)
[ view plain ]
| 000 -LEADER | |
|---|---|
| fixed length control field | 00527nam a2200097Ia 4500 |
| 008 - FIXED-LENGTH DATA ELEMENTS--GENERAL INFORMATION | |
| fixed length control field | 170517s9999 xx 000 0 und d |
| 245 ## - TITLE STATEMENT | |
| Title | Mark Cuban: How I Became a Billionaire |
| 300 ## - PHYSICAL DESCRIPTION | |
| Extent | Entrepreneur Mark Cuban never calls timeout. He says, in football you play 60 minutes, in basketball 48 minutes, but in business it's 24/7/365 and the whole world is trying to kick your ass. Keeping in mind that motto he... |
| 650 ## - SUBJECT ADDED ENTRY--TOPICAL TERM | |
| General subdivision | Business and Economics. |
| 856 ## - ELECTRONIC LOCATION AND ACCESS | |
| Uniform Resource Identifier | <a href="http://topdocumentaryfilms.com/mark-cuban-how-became-billionaire/">http://topdocumentaryfilms.com/mark-cuban-how-became-billionaire/</a> |
| Withdrawn status | Lost status | Damaged status | Home library | Current library | Date acquired | Total Checkouts | Date last seen | Price effective from | Koha item type |
|---|---|---|---|---|---|---|---|---|---|
| College Library | College Library | 05/17/2017 | 05/17/2017 | 05/17/2017 | Documentary Films |